Vypovedacia hodnota účtovnej závierky pre potreby finančnej analýzy bakalárska práca

Na minha lista:
Detalhes bibliográficos
Autor principal: Dojčanský, Vladimír
Autor Corporativo: Fakulta podnikového manažmentu EU. Katedra podnikových financií
Outros Autores: Sovíková, Daniela, 1983-
Formato: Livro
Idioma:eslovaco
Publicado em: Bratislava 2012
Tags: Adicionar Tag
Sem tags, seja o primeiro a adicionar uma tag!

MARC

LEADER 00000nbm a2200000 4500
001 0153878
005 20161109111813.4
041 0 |a slo 
044 |a SK 
245 1 0 |a Vypovedacia hodnota účtovnej závierky pre potreby finančnej analýzy  |b bakalárska práca  |c Vladimír Dojčanský ; školiteľ: Daniela Sovíková 
264 1 |a Bratislava  |c 2012 
300 |a 42 s. 
100 1 |a Dojčanský, Vladimír 
700 1 |a Sovíková, Daniela, 1983- 
710 2 |a Fakulta podnikového manažmentu EU. Katedra podnikových financií